[Event "Regionalliga Sued-Ost 1718"]
[Site "Bayern"]
[Date "2018.04.15"]
[Round "9.8"]
[White "Neumueller, Theo"]
[Black "Einzinger, Johannes"]
[Result "1/2-1/2"]
[WhiteElo "1919"]
[BlackElo "1870"]
[PlyCount "105"]
[EventDate "2017.10.22"]
[EventType "team-tourn"]
[EventRounds "9"]
[EventCountry "GER"]
[SourceTitle "EXT 2022"]
[Source "ChessBase"]
[SourceDate "2021.10.06"]
[SourceVersion "1"]
[SourceVersionDate "2021.10.06"]
[SourceQuality "1"]
[WhiteTeam "Germering"]
[BlackTeam "Ebersberg Grafing"]
[WhiteTeamCountry "GER"]
[BlackTeamCountry "GER"]

1. e4 d5 2. exd5 Nf6 3. d4 Qxd5 4. Nc3 Qd6 5. Nf3 a6 6. Be2 b5 7. a3 Bb7 8. 0-0 Nbd7 9. Re1 e6 10. Bf1 Be7 11. g3 0-0 12. Bg2 Rfe8 13. Bf4 Qb6 14. a4 b4 15. a5 Qa7 16. Na2 Nd5 17. Bd2 c5 18. c4 bxc3 19. bxc3 cxd4 20. cxd4 Rec8 21. Rc1 N7f6 22. Qb3 Rab8 23. Rxc8+ Rxc8 24. Nb4 Qa8 25. Nd3 h6 26. Nde5 Rc7 27. Rb1 Qc8 28. Bf1 Ne4 29. Be1 Nec3 30. Rb2 Nb4 31. Nd2 Nb5 32. Qe3 Nc2 33. Qf4 Bf6 34. Ndf3 Nxe1 35. Nxe1 Rc1 36. N1d3 Ra1 37. Nc5 Bxe5 38. Qxe5 Qc6 39. Qb8+ Kh7 40. Qxb7 Qxb7 41. Nxb7 Nxd4 42. Rb6 g5 43. h3 g4 44. hxg4 Nf3+ 45. Kg2 Ne1+ 46. Kh3 Ra2 47. Rb1 Nf3 48. Bd3+ Kg7 49. Kg2 Ne5 50. Bxa6 Nxg4 51. Bc4 Ne3+ 52. Kg1 Nxc4 53. Rb5 1/2-1/2

[Event "Oberbayern Bezirksliga 1617"]
[Site "Germany"]
[Date "2017.04.02"]
[Round "8.8"]
[White "Hashagen, Tim"]
[Black "Einzinger, Johannes"]
[Result "0-1"]
[WhiteElo "1811"]
[BlackElo "1888"]
[PlyCount "74"]
[EventDate "2016.10.16"]
[EventType "team-tourn"]
[EventRounds "9"]
[EventCountry "GER"]
[SourceTitle "EXT 2019"]
[Source "ChessBase"]
[SourceDate "2018.10.10"]
[SourceVersion "1"]
[SourceVersionDate "2018.10.10"]
[SourceQuality "1"]
[WhiteTeam "Fuerstenfeldbruck"]
[BlackTeam "Ebersberg Grafing"]
[WhiteTeamCountry "GER"]
[BlackTeamCountry "GER"]

1. e4 d5 2. exd5 Qxd5 3. Nc3 Qa5 4. d4 c6 5. Bc4 Nf6 6. Bd2 Qc7 7. h3 Bf5 8. Nf3 e6 9. 0-0 Bd6 10. Bb3 0-0 11. Re1 Nbd7 12. Nh4 Bg6 13. Nxg6 hxg6 14. Qf3 b5 15. a3 a6 16. Ne2 c5 17. dxc5 Nxc5 18. Bb4 a5 19. Bxc5 Bxc5 20. Nf4 a4 21. Ba2 b4 22. axb4 Bxb4 23. c3 Bd6 24. Ne2 Rab8 25. Reb1 Rfd8 26. b3 axb3 27. Bxb3 Bc5 28. Bc2 Rxb1+ 29. Rxb1 Qa7 30. Bb3 Rd2 31. Rd1 Rxd1+ 32. Bxd1 Qa1 33. Ng3 Qc1 34. Kh2 Qd2 35. Be2 Qe1 36. Ne4 Nxe4 37. Qxe4 Bxf2 0-1